000 00546pab a2200181 454500
008 180718b2011 xxu||||| |||| 00| 0 eng d
100 _aVijay, R.
245 _aStructure of the rural labour market: An investigation into two villages in West Godavari district, Andhra Pradesh
260 _c2011
300 _ap.327-343.
362 _aApr-Jun
650 _aLabour market - India - Andhra Pradesh
650 _aLabour market
700 _aMakeni, Chandayya
773 _aIndian Journal of Labour Economics
908 _aN
909 _a95474
999 _c95474
_d95474